It looks like you're offline.
Open Library logo
additional options menu

MARC Record from Library of Congress

Record ID marc_loc_2016/BooksAll.2016.part19.utf8:100828546:783
Source Library of Congress
Download Link /show-records/marc_loc_2016/BooksAll.2016.part19.utf8:100828546:783?format=raw

LEADER: 00783cam a2200241 a 4500
001 89018473
003 DLC
005 19960312082321.7
008 891128s1990 mdua b 001 0 eng
010 $a 89018473
020 $a0834201399
040 $aDLC$cDLC$dDLC
050 00 $aRA972$b.Q34 1990
082 00 $a362.1/1/0685$220
245 00 $aQuality assurance in hospitals :$bstrategies for assessment and implementation /$cedited by Nancy O. Graham.
250 $a2nd ed.
260 0 $aRockville, Md. :$bAspen Publishers,$c1990.
300 $axv, 373 p. :$bill. ;$c24 cm.
504 $aIncludes bibliographical references and index.
650 0 $aHospital care$xQuality control.
650 0 $aHospital care$xEvaluation.
650 0 $aMedical care$xEvaluation.
700 10 $aGraham, Nancy O.